Loading...
| History - American | 0 | 5 | 0 | 0 | 50 | 55 | 81.00 | 2 | 5 | 17.67 | 40.00 |
| History - European | 0 | 5 | 1 | 1 | 45 | 44 | 84.60 | 2 | 5 | 18.61 | 36.67 |
| History - World | 0 | 4 | 1 | 1 | 35 | 55 | 91.75 | 2 | 4 | 11.35 | 30.00 |
| History - Other | 0 | 3 | 0 | 0 | 30 | 113 | 120.33 | 1 | 3 | 2.72 | 20.00 |
| Literature - World | 0 | 1 | 0 | 0 | 10 | 109 | 109.00 | 0 | 1 | 1.35 | 6.67 |
| Social Science | 0 | 1 | 0 | 0 | 10 | 97 | 97.00 | 0 | 1 | 2.05 | 6.67 |
| Fine Arts - Other | 0 | 1 | 0 | 0 | 10 | 98 | 98.00 | 0 | 1 | 2.69 | 6.67 |
| Geography | 0 | 1 | 0 | 0 | 10 | 109 | 109.00 | 0 | 1 | 4.50 | 11.11 |
| Literature - American | 0 | 1 | 0 | 1 | 10 | 142 | 142.00 | 0 | 1 | -0.07 | 3.33 |
| Religion | 0 | 1 | 0 | 0 | 10 | 84 | 84.00 | 0 | 1 | 3.23 | 6.67 |
| Current Events | 0 | 1 | 0 | 0 | 10 | 59 | 59.00 | 1 | 1 | 25.42 | 33.33 |
| Science - Biology | 0 | 1 | 1 | 0 | 5 | 93 | 93.00 | 0 | 1 | 2.38 | 3.33 |
| Other Academic | 0 | 0 | 1 | 0 | -5 | 0.00 | 0 | 0 | 0.00 | 0.00 |